Trouve ces 15 capitales - Statistiques

Statistiques générales
  • Ce quiz a été pris 215 fois
  • Le résultat moyen est 13 sur 15
Statistiques - réponses
Pays Capitales % Correct
Royaume-Uni Londres
100%
Portugal Lisbonne
97%
Norvège Oslo
92%
Maroc Rabat
92%
Pologne Varsovie
92%
Danemark Copenhague
90%
Turquie Ankara
88%
Colombie Bogota
87%
Panama Panama
87%
Pérou Lima
86%
Thailande Bangkok
82%
Islande Reykjavik
82%
Qatar Doha
74%
Afghanistan Kaboul
74%
Géorgie Tbilissi
60%
Aucun quiz correspondant
Distribution des résultats
% des personnes avec chaque résultat
Percentile par nombre de réponses
Votre historique - résultats
Vous n’avez pas pris ce quiz